00495nam a2200181 a 4500001001300000003000900013005001700022008004100039020001000080082001800090100002300108245003200131260005900163300000900222500003500231505001300266650003400279nice12345678IN_TiNIC20260116011315.0050524s1967 bana grp 000 0 eng  ac4.500a320.0954bSIN aSingh, Herbert Jai aIndian Politics After Nehru aBangalorebChristian Instt.For Study of Religionc1967 a193p aincludes index and biblioraphy2 aAppendix aIndia-Politics and Government